Tour de France 2025 - All Stage Winners - Statistics

General Stats
  • This quiz has been taken 315 times
  • The average score is 18 of 21
Answer Stats
Stage Winner Team % Correct
4 Tadej Pogacar UAE Team Emirates XRG
100%
7 Tadej Pogacar UAE Team Emirates XRG
100%
12 Tadej Pogacar UAE Team Emirates XRG
100%
13 (ITT) Tadej Pogacar UAE Team Emirates XRG
100%
21 Wout van Aert Team Visma | Lease a bike
95%
1 Jasper Philipsen Alpecin-Deceuninck
94%
2 Mathieu Van der Poel Alpecin-Deceuninck
94%
5 (ITT) Remco Evenepoel Soudal Quick-Step
94%
8 Jonathan Milan Lidl-Trek
90%
17 Jonathan Milan Lidl-Trek
90%
6 Ben Healy EF Education-Easypost
87%
10 Simon Yates Team Visma | Lease a bike
85%
3 Tim Merlier Soudal Quick-Step
82%
9 Tim Merlier Soudal Quick-Step
82%
14 Thymen Arensman INEOS Grenadiers
79%
19 Thymen Arensman INEOS Grenadiers
79%
15 Tim Wellens UAE Team Emirates XRG
77%
11 Jonas Abrahamsen Uno-X Mobility
76%
18 Ben O'Connor Jayco AlUla
73%
16 Valentin Paret-Peintre Soudal Quick-Step
73%
20 Kaden Groves Alpecin-Deceuninck
71%
No matching quizzes found
Score Distribution
Percent of People with Each Score
Percentile by Number Answered
Your Score History
You have not taken this quiz